000
00298nam a22001217a 4500
020
_a
0-201-19830-4
082
_a
005.3 GOR'C
100
_a
GORMAN, M, HAGGARD, G
_9
67669
245
_a
COMPUTING FUNDAMENTALS MICROSOFT WORD 5.0
260
_a
NEWYORK
_b
BENJAMIN
_c
1990
300
_a
275P
942
_c
BK
999
_c
575391
_d
575391